Administratívna budova s priemyselnou halou

Guardado en:
Detalles Bibliográficos
Autor principal: Bošanský, Michal (Autor)
Otros Autores: Ingeli, Rastislav (Orientador)
Formato: Manuscrito Libro
Lenguaje:eslovaco
Publicado: 2022
Materias:
Acceso en línea:http://is.stuba.sk/zp/portal_zp.pl?podrobnosti=162126
https://opac.crzp.sk/?fn=detailBiblioForm&sid=2990E1F3D3E255467E843859E9F3
Etiquetas: Agregar Etiqueta
Sin Etiquetas, Sea el primero en etiquetar este registro!

MARC

LEADER 00000ntm a22000003a 4500
001 stuzp90815
003 SK-STU
005 20230424143559.7
007 ta
008 150427s2015----xo-----f-mn---000-0-slo-d
040 |a STU  |b slo 
041 0 |a slo 
100 1 |a Bošanský, Michal  |u 010180  |4 aut  |U SvF Stavebná fakulta  |T SvF Katedra konštrukcií pozemných stavieb  |X 87304  |U V180  |Y 18  |7 87304 
242 0 1 |a Office building with industrial hall  |y eng 
245 1 0 |a Administratívna budova s priemyselnou halou 
260 |c 2022 
650 4 |a realizačný projekt  |2 slo 
650 4 |a administratívna budova  |2 slo 
650 4 |a priemyselná hala  |2 slo 
650 4 |a implementation project  |2 eng 
650 4 |a administrative building  |2 eng 
650 4 |a industrial hall  |2 eng 
700 1 |a Ingeli, Rastislav  |u 010180  |k Z1  |4 ths  |U SvF Stavebná fakulta  |T SvF Katedra konštrukcií pozemných stavieb  |X 23863  |U V180  |Y 18  |7 A000023863 
856 4 |u http://is.stuba.sk/zp/portal_zp.pl?podrobnosti=162126 
856 4 |u https://opac.crzp.sk/?fn=detailBiblioForm&sid=2990E1F3D3E255467E843859E9F3